000 00931nam a2200253Ia 4500
003 OSt
005 20220923224728.0
006 a|||||r|||| 00| 0
007 ta
008 220922b |||||||| |||| 00| 0 hin d
024 _a249,259
037 _cTextual
040 _aARTS
_cARTS
_bhin
041 _2hin
_ahin
082 _aO152,1(/\25):g, L2
100 _aपुणयमचन्द
245 0 _aहिन्दी लावनी साहित्य पर हिन्दी संत साहित्य का प्रभाव
246 _aHindī lāvanī sāhitya par hindī santa sāhitya kā prabhāva
260 _aआगरा
_b सरस्वती पुस्तक सदन
_c1972
300 _a327पृ.
_ccm.
650 _aहिन्दी साहित्य
_9156264
942 _hO152,1(/\25):g, L2
_cTEXL
_2CC
999 _c373229
_d373229